00748cam a2200217 45000010005000000030008000050050017000130080039000300350018000690400023000870410008001100820027001181000027001452450136001722600064003083000038003725040029004105260014004396500035004537000042004883210BD-RjUL20211208233708.0131218s19671964iauab b 001 0 eng a(BD-RjUL)3244 aDLCcDLCdDLCbeng aeng00a338.1082216bDII 19671 aDixey, Roger Nicholas,10aInternational explorations of agricultural economics ;bA tribute to the inspiration of Leonard Knight Elmhirst. /cRoger N. Dixey. aAmes :bIowa State University Press,c1964.[REPRINTED 1967] aix, 306 p.billus., maps.c24 cm. aIncludes bibliographies. bEconomics 0aAgriculturexEconomic aspects.1 aElmhirst, Leonard Knight,d1893-1974.